Countries that Start with B - Map Quiz - Statistics

General Stats
  • This quiz has been taken 1,939 times
    1,452 since last reset
  • The average score is 13 of 16
Answers on the Map
Answers color-coded by a green-red scale on the quiz's map according to % correct below.
 
Answer Stats
Answer % Correct
Brazil
93%
Bahamas
90%
Bolivia
89%
Belgium
87%
Barbados
86%
Belarus
86%
Bosnia and Herzegovina
85%
Bulgaria
85%
Botswana
83%
Belize
82%
Bhutan
80%
Bangladesh
79%
Brunei
77%
Burkina Faso
77%
Benin
75%
Burundi
75%
No matching quizzes found
Score Distribution
Percent of People with Each Score
Percentile by Number Answered
Your Score History
You have not taken this quiz since the last reset